Методы геолого-промыслового контроля разработки нефтяных и газовых месторождений: учебное пособие

Manylion Llyfryddiaeth
Prif Awdur: Чоловский И. П. Игорь Павлович
Awduron Eraill: Тимофеев В. А. Валерий Александрович
Iaith:Rwseg
Cyhoeddwyd: Москва, Недра, 1992
Cyfres:Высшее образование
Pynciau:
Fformat: Llyfr
KOHA link:https://koha.lib.tpu.ru/cgi-bin/koha/opac-detail.pl?biblionumber=149125

MARC

LEADER 00000nam0a2200000 4500
001 149125
005 20231031145732.0
010 |a 5247016866 
035 |a (RuTPU)RU\TPU\book\161665 
090 |a 149125 
100 |a 20081212d1992 m y0rusy50 ca 
101 0 |a rus 
102 |a RU 
105 |a a j 001zy 
200 1 |a Методы геолого-промыслового контроля разработки нефтяных и газовых месторождений  |e учебное пособие  |f И. П. Чоловский, В. А. Тимофеев 
210 |a Москва  |c Недра  |d 1992 
215 |a 176 с.  |c ил. 
225 1 |a Высшее образование 
320 |a Библиогр.: с. 174. 
610 1 |a геология 
610 1 |a нефтяные месторождения 
610 1 |a газовые месторождения 
610 1 |a учебные пособия 
675 |a 622.276.03(075.8)  |v 3 
700 1 |a Чоловский  |b И. П.  |g Игорь Павлович 
701 1 |a Тимофеев  |b В. А.  |g Валерий Александрович 
801 1 |a RU  |b 63413507  |c 20081212  |g PSBO 
801 2 |a RU  |b 63413507  |c 20091102  |g PSBO 
900 |a Мониторинг и регулирование процесса разработки нефтяных, газовых и нефтегазоконденсатных месторождений 
900 |a Мониторинг и управление разработкой нефтяных и газовых месторождений 
942 |c BK